Statistics for Countries from their coordinates

Click here to take the quiz!

General Stats

  • This quiz has been taken 12 times
  • The average score is 9 of 20

Answer Stats

LatitudeLongitudeArea (square km)Country% Correct
41°8.5'20°1.9'28,703Albania
100%
28°11.1'2°35.9'2,381,741Algeria
100%
-36°33.2'-66°49.5'2,780,400Argentina
100%
53°30.4'27°58.9'207,595Belarus
100%
50°39.1'4°34.9'30,668Belgium
100%
17°11.8'-89°17.8'22,966Belize
100%
9°38.8'2°20.2'114,763Benin
100%
27°25.7'90°28.3'38,394Bhutan
100%
-4°37.4'29°54.8'27,834Burundi
100%
61°28.1'-99°51.5'9,984,670Canada
100%
15°19.7'18°34.9'1,284,000Chad
100%
45°1.0'16°34.0'56,594Croatia
100%
49°46.5'15°20.1'78,871Czech Republic
100%
-3°9.0'23°35.0'2,345,410Democratic Republic of the Congo
100%
26°30.4'29°50.7'1,010,408Egypt
100%
13°43.6'-89°7.6'21,041El Salvador
100%
64°30.2'26°12.7'390,909Finland
100%
42°27.6'-3°7.4'543,965France
100%
13°28.5'-16°34.1'10,679Gambia
100%
65°4.5'-19°14.3'103,000Iceland
100%
32°31.1'54°17.1'1,873,959Iran
100%
18°8.3'-78°40.5'11,424Jamaica
100%
48°11.5'67°17.1'2,724,842Kazakhstan
100%
6°25.9'-10°35.3'99,691Liberia
100%
42°47.3'19°17.2'13,888Montenegro
100%
-18°46.2'35°28.4'799,380Mozambique
100%
-23°54.0'17°9.4'824,292Namibia
100%
52°17.9'5°30.7'41,850Netherlands
100%
69°9.4'15°28.1'385,208Norway
100%
-7°32.9'145°19.1'462,840Papua New Guinea
100%
-10°48.5'-75°36.5'1,285,216Peru
100%
-1°9.7'15°8.1'342,000Republic of the Congo
100%
61°57.7'96°48.2'17,125,000Russia
100%
-3°59.2'29°55.1'26,379Rwanda
100%
12°59.1'-62°42.8'389Saint Vincent and the Grenadines
100%
43°56.5'12°27.5'61San Marino
100%
0°11.2'6°36.8'1,001Sao Tome and Principe
100%
-29°3.2'25°2.9'1,220,813South Africa
100%
46°47.5'8°7.1'41,285Switzerland
100%
39°5.5'59°16.5'491,210Turkmenistan
100%
7°9.7'-67°50.2'916,445Venezuela
100%
45°42.3'-113°24.0'9,525,067United States
75%
23°56.1'-103°25.4'1,964,375Mexico
67%
33°51.4'66°5.2'652,864Afghanistan
50%
17°3.6'-62°12.2'442Antigua and Barbuda
50%
40°13.0'45°0.0'29,743Armenia
50%
40°13.2'47°33.2'86,600Azerbaijan
50%
13°11.6'-60°27.4'430Barbados
50%
10°26.9'-12°56.3'245,857Guinea
50%
47°12.0'19°21.5'93,023Hungary
50%
42°34.8'20°53.7'10,905Kosovo
50%
-21°39.1'57°33.1'2,049.5Mauritius
50%
41°36.4'21°41.9'25,713North Macedonia
50%
45°51.4'24°56.6'238,397Romania
50%
35°0.8'38°32.7'185,180Syria
50%
38°35.0'71°2.1'142,600Tajikistan
50%
49°8.9'31°13.7'603,549Ukraine
50%
16°39.5'106°17.2'331,231Vietnam
50%
3°55.6'-74°55.3'1,141,748Colombia
33%
42°45.1'12°8.4'302,073Italy
33%
56°48.4'24°50.0'64,573Latvia
33%
21°1.0'96°30.4'676,533Myanmar
33%
42°32.8'1°36.1'468Andorra
0%
-13°45.2'17°28.2'1,246,700Angola
0%
-26°16.2'134°30.2'7,688,126Australia
0%
47°36.8'14°4.6'83,882Austria
0%
25°30.9'-78°4.2'13,939Bahamas
0%
25°55.8'50°38.3'783Bahrain
0%
23°50.4'90°16.1'147,570Bangladesh
0%
-17°16.3'-65°21.5'1,098,581Bolivia
0%
44°10.8'17°49.0'51,209Bosnia and Herzegovina
0%
-23°54.0'23°46.4'581,730Botswana
0%
-11°11.6'-54°56.7'8,515,767Brazil
0%
4°41.4'114°54.9'5,765Brunei
0%
42°45.2'25°11.7'110,372Bulgaria
0%
12°18.7'-2°13.4'274,222Burkina Faso
0%
12°41.1'104°52.6'181,035Cambodia
0%
5°39.8'12°36.7'466,750Cameroon
0%
16°0.1'-25°59.2'4,033Cape Verde
0%
6°32.6'20°22.5'622,436Central African Republic
0%
-40°57.2'-72°28.8'756,096Chile
0%
36°33.3'103°53.0'9,572,900China
0%
-12°7.5'43°52.3'1,862Comoros
0%
9°57.9'-85°49.5'51,100Costa Rica
0%
21°37.9'-79°2.4'109,884Cuba
0%
34°54.4'33°2.4'9,251Cyprus
0%
56°3.8'9°52.6'42,938Denmark
0%
11°46.4'42°29.9'23,700Djibouti
0%
15°24.9'-62°37.7'751Dominica
0%
18°53.1'-71°32.3'48,311Dominican Republic
0%
-9°13.9'125°58.0'14,954East Timor
0%
-2°32.7'-79°36.9'256,372Ecuador
0%
1°38.8'10°22.0'28,052Equatorial Guinea
0%
15°25.6'38°40.7'121,144Eritrea
0%
58°38.6'25°49.5'45,336Estonia
0%
-27°30.6'31°23.7'17,364Eswatini
0%
8°39.2'39°33.1'1,127,127Ethiopia
0%
7°25.5'150°33.0'708.4Federated States of Micronesia
0%
-18°41.0'163°51.2'18,272Fiji
0%
-1°21.2'11°41.3'267,667Gabon
0%
42°9.7'43°28.9'69,700Georgia
0%
51°8.0'10°17.3'357,104Germany
0%
7°55.7'-2°45.8'238,533Ghana
0%
39°4.0'22°43.2'131,957Greece
0%
12°15.8'-62°23.7'344Grenada
0%
15°42.0'-91°37.8'108,889Guatemala
0%
12°1.4'-16°53.4'36,125Guinea-Bissau
0%
4°47.4'-59°1.7'214,999Guyana
0%
18°54.0'-73°20.5'27,700Haiti
0%
14°49.4'-87°24.6'112,492Honduras
0%
22°55.5'79°35.6'3,166,391India
0%
-3°46.7'117°25.4'1,916,907Indonesia
0%
33°2.2'43°45.4'435,052Iraq
0%
53°10.8'-9°59.4'70,273Ireland
0%
31°29.1'35°0.2'21,643Israel
0%
7°33.2'-6°23.3'322,463Ivory Coast
0%
37°39.8'138°3.9'377,873Japan
0%
31°14.7'36°46.8'88,794Jordan
0%
0°35.8'37°47.5'591,971Kenya
0%
-4°37.8'-169°16.0'811Kiribati
0%
29°18.4'47°36.0'17,818Kuwait
0%
41°30.4'74°37.2'199,945Kyrgyzstan
0%
18°26.7'103°45.0'236,800Laos
0%
33°54.7'35°52.3'10,452Lebanon
0%
-30°22.5'28°10.2'30,355Lesotho
0%
26°59.8'17°58.5'1,676,198Libya
0%
47°10.0'9°33.3'160.5Liechtenstein
0%
55°17.1'23°52.8'65,286Lithuania
0%
49°45.9'5°57.9'2,586Luxembourg
0%
-20°38.6'46°41.5'587,295Madagascar
0%
-14°49.6'34°11.6'118,760Malawi
0%
3°43.5'109°41.9'330,621Malaysia
0%
3°12.2'73°13.2'298Maldives
0%
17°16.1'-4°27.4'1,241,238Mali
0%
35°56.2'14°22.5'315.2Malta
0%
7°7.9'171°11.1'181.48Marshall Islands
0%
20°12.6'-11°40.4'1,030,700Mauritania
0%
47°12.2'28°24.6'33,843Moldova
0%
43°45.0'7°24.8'2.03Monaco
0%
46°49.4'102°56.8'1,564,116Mongolia
0%
29°53.1'-9°34.8'439,850Morocco
0%
-1°28.6'166°55.9'21.1Nauru
0%
28°14.4'84°0.8'147,181Nepal
0%
-42°20.2'172°42.1'268,107New Zealand
0%
12°50.9'-86°58.8'130,373Nicaragua
0%
17°20.7'9°19.5'1,267,000Niger
0%
9°32.9'7°59.7'923,769Nigeria
0%
40°8.6'127°9.9'122,762North Korea
0%
20°36.7'56°5.9'309,980Oman
0%
29°58.4'69°24.8'881,889Pakistan
0%
7°30.9'134°35.0'490Palau
0%
8°31.8'-81°53.5'75,320Panama
0%
-24°45.1'-59°36.8'406,752Paraguay
0%
11°45.8'122°54.2'300,000Philippines
0%
52°8.9'19°18.7'312,679Poland
0%
39°38.0'-9°56.7'92,226Portugal
0%
25°19.3'51°11.0'11,627Qatar
0%
17°21.5'-63°13.0'272Saint Kitts and Nevis
0%
13°54.6'-61°1.3'616Saint Lucia
0%
-14°14.5'-173°53.7'2,830Samoa
0%
24°7.4'44°31.0'2,149,690Saudi Arabia
0%
14°21.2'-15°29.4'196,712Senegal
0%
44°14.0'20°49.2'77,589Serbia
0%
-5°19.2'55°29.5'452Seychelles
0%
8°31.8'-12°12.3'71,740Sierra Leone
0%
1°21.1'103°49.2'722.5Singapore
0%
48°43.6'19°30.5'49,034Slovakia
0%
46°7.5'14°56.3'20,273Slovenia
0%
-9°8.9'159°58.0'30,407Solomon Islands
0%
4°45.1'45°43.6'637,657Somalia
0%
36°25.7'127°49.3'97,100South Korea
0%
7°17.6'30°11.9'644,329South Sudan
0%
40°20.9'-4°23.0'505,944Spain
0%
7°42.0'80°40.0'65,610Sri Lanka
0%
15°59.4'29°51.8'1,844,797Sudan
0%
4°7.2'-56°5.3'163,820Suriname
0%
62°48.7'16°35.8'447,420Sweden
0%
23°44.5'120°58.5'36,197Taiwan
0%
-7°44.5'34°45.2'947,303Tanzania
0%
15°1.0'101°0.4'513,120Thailand
0%
8°26.4'0°59.8'56,600Togo
0%
-22°49.3'-176°48.1'748Tonga
0%
10°25.7'-62°40.2'5,127Trinidad and Tobago
0%
34°10.4'9°32.1'163,610Tunisia
0%
39°4.1'35°7.0'785,347Turkey
0%
-8°53.4'177°39.0'25.6Tuvalu
0%
1°17.7'32°21.5'241,551Uganda
0%
23°52.1'54°12.4'83,600United Arab Emirates
0%
53°54.9'-3°8.8'242,500United Kingdom
0%
-33°13.1'-57°59.8'175,016Uruguay
0%
41°44.9'63°12.2'447,400Uzbekistan
0%
-16°27.4'167°4.4'12,190Vanuatu
0%
41°54.2'12°27.2'0.44Vatican City
0%
15°54.8'47°32.1'455,000Yemen
0%
-14°36.3'27°43.7'752,614Zambia
0%
-19°5.6'29°47.3'390,757Zimbabwe
0%

Score Distribution

Percentile by Number Answered

Percent of People with Each Score

Your Score History

You have not taken this quiz